00792cam a2200217 a 45000010008000000030012000080050017000200080041000370100017000780200022000950400029001170500023001460820022001691000022001912450150002132600081003633000034004445040030004786500031005087000035005393325002NUST - PNEC20170116181109.0850919s1984 enka b 000 0 eng  a 84202876  a0906085934 (pbk.) aDLCcLIBRARYdDLCdOCoLC00aTD427.H4bM55 198400a628.16831 MIL2191 aMiller, Donald S.10aThermal discharges :ba guide to power and process plant cooling water discharges into rivers, lakes, and seas /cD.S. Miller and B.A. Brighouse. a[Cranfield, Bedford?] :bBritish Hydromechanics Research Association,c1984. aiii, 221 p. :bill. ;c30 cm. aBibliography: p. 176-188. xMEbMechanical engineering1 aBrighouse, B. A.q(Barbara A.)